00293nam a2200097Ia 4500008004100000245005100041245002900092260000900121650001400130856005100144171211s9999 xx 000 0 und d aSex: Vice and Love from Antiquity to Modernity cAlastair J. L. Blanshard c2008 xSexuality uhttp://down.ebook777.com/061/9781405122917.pdf